El Derecho de Propiedad Privada en los bienes de interš cultural

Bibliographic Details
Main Author: Anguita Villanueva, Luis A.
Format: eBook
Language:Spanish
Published: Madrid : Dykinson, 2006
Subjects:
Online Access:http://www.vlex.com/source/7038

MARC

LEADER 00000nam a22000007a 4500
005 20130222104935.0
007 cr|||| ||||
008 130222e2006 sp |||||s|||| 00||0 spa d
020 |a 978-84-9031-195-0 
035 |a 7038 
040 |a vLex 
090 |c 3719  |d 3719 
100 1 0 |a Anguita Villanueva, Luis A.  
245 1 3 |a El Derecho de Propiedad Privada en los bienes de interš cultural  |h [Recurso electrn̤ico] 
256 |a Servicio en ln̕ea 
260 |a Madrid :  |b Dykinson,   |c 2006 
300 |a 1 Recurso electrn̤ico 
650 0 4 |a Propiedad privada 
650 0 4 |a Bienes culturales 
650 0 4 |a Patrimonio cultural 
650 0 4 |a Derecho constitucional  |z Espaą 
740 |a vLex Libros (Servicio en ln̕ea) 
856 |a Acceso restringido  |u http://www.vlex.com/source/7038 
942 |c BOOK 
999 0 |a Right of property